Obálka Náhled e-knihy:
Epub
Pro půjčování e-knih musíte být přihlášeni.
Jak si půjčit online?

David Copperfield /

David Copperfield is the story of a young man's adventures on his journey from an unhappy and impoverished childhood to the discovery of his vocation as a successful novelist. Among the gloriously vivid cast of characters he encounters are his tyrannical stepfather, Mr Murdstone; his brilliant,...

Celý popis

Uloženo v:
Hlavní autor: Dickens, Charles (Autor)
Médium: E-kniha
Jazyk:Czech
Vydáno: Praha : Saga Egmont, 2021
Tagy:
Žádné tagy
LEADER 02031nam a22002297i 4500
001 312254
007 ta
008 260601s2021 xr ||||| |||| 00| 0 cze d
020 |a 9990003955043 
044 |a xr 
100 1 |a  Dickens, Charles  |4 aut 
245 1 0 |a David Copperfield /  |c  Dickens, Charles 
264 1 |a Praha :  |b Saga Egmont,  |c 2021 
300 |a 1 online zdroj (527 stran) 
336 |a text  |b txt  |2 rdacontent 
337 |a bez média  |b n  |2 rdamedia 
338 |a online zdroj  |b cr  |2 rdacarrier 
520 2 |a David Copperfield is the story of a young man's adventures on his journey from an unhappy and impoverished childhood to the discovery of his vocation as a successful novelist. Among the gloriously vivid cast of characters he encounters are his tyrannical stepfather, Mr Murdstone; his brilliant, but ultimately unworthy school-friend James Steerforth; his formidable aunt, Betsey Trotwood; the eternally humble, yet treacherous Uriah Heep; frivolous, enchanting Dora Spenlow; and the magnificently impecunious Wilkins Micawber, one of literature's great comic creations. In David Copperfield - the novel he described as his 'favourite child' - Dickens drew revealingly on his own experiences to create one of the most exuberant and enduringly popular works, filled with tragedy and comedy in equal measure. This edition uses the text of the first volume publication of 1850, and includes updated suggestions for further reading, original illustrations by 'Phiz', a revised chronology and expanded notes. In his new introduction, Jeremy Tambling discusses the novel's autobiographical elements, and its central themes of memory and identity. 
910 |a RBIT002 
998 |d 395504  |a https://core.palmknihy.cz/api/books/395504/cover?sqjrp2  |b https://core.palmknihy.cz/api/books/395504/cover/400?sqjrp2  |c https://core.palmknihy.cz/api/books/395504/cover/50?sqjrp2  |e   |g 527  |i 9990003955043  |j https://core.palmknihy.cz/api/books/395504/preview.epub  |l   |q 49  |r 1  |s https://www.palmknihy.cz/kniha/395504  |t ebook  |y 2021  |z 1 
999 |d 312252